000 00211nam a22000977a 4500
999 _c264337
_d264336
020 _a0590035584
100 _aEloise McGraw
245 _aThe Moorchild
260 _aNew York
_bScholastic Inc
_c1996
942 _cBK